000 00592nam a2200229Ia 4500
003 OSt
005 20220918191906.0
006 a|||||r|||| 00| 0
007 ta
008 220917b |||||||| |||| 00| 0 eng d
024 _a65,709
037 _cTextual
040 _aARTS
_cARTS
_beng
041 _2eng
_aeng
082 _aR211, K3
100 _aAlexander Peter
245 0 _aSensationalism and scientific explanation
260 _c1963
490 _aStudies in philosiophical psychology; 9
942 _hR211, K3
_cTEXL
_2CC
999 _c191946
_d191946